10 of the best gorillaz songs - Statistics

General Stats
  • This quiz has been taken 492 times
  • The average score is 5 of 10
Answer Stats
Hint Answer % Correct
1 Feel good inc
96%
7 Clint Eastwood
93%
6 DARE
76%
8 Dirty Harry
62%
4 19-2000
57%
3 Rhinestone eyes
55%
2 Stylo
36%
5 Broken
10%
10 Rockit
9%
9 Ascension
8%
No matching quizzes found
Score Distribution
Percent of People with Each Score
Percentile by Number Answered
Your Score History
You have not taken this quiz